Normal view MARC view

Entry Personal Name

Number of records used in: 1

001 - CONTROL NUMBER

  • control field: 7183

003 - CONTROL NUMBER IDENTIFIER

  • control field: OSt

005 - DATE AND TIME OF LATEST TRANSACTION

  • control field: 20211028144018.0

008 - FIXED-LENGTH DATA ELEMENTS

  • fixed length control field: 211028|| aca||aabn | a|a d

040 ## - CATALOGING SOURCE

  • Original cataloging agency: OSt
  • Transcribing agency: OSt

100 ## - HEADING--PERSONAL NAME

  • Personal name: Shareef O, Mohammed; Shetty, Prathibha.
  • Miscellaneous information: 1216069

670 ## - SOURCE DATA FOUND

  • Source citation: Work cat.: (OSt): Shareef O, Mohammed; Shetty, Prathibha. 1216069, Influence of sales promotion instimulating sales performance at APCO hyundai., 2014